000 01550cam a22003857a 4500
003 CHAP
005 20220329133924.0
008 971013s1951 r 00010 d
010 _a12716
011 _a13688
035 _a17760
040 _cCHAP
082 _a631.44
_bG55Y
100 0 0 _aGlinka, Konstantin Dmitrievich.
_948286
245 1 4 _aLos grandes grupos de suelos del mundo y su desarrollo
260 _aMéxico, D.F. :
_bSociedad Agrónomica Mexicana,
_c1951
300 _a2 v.
590 _aBATCH-UPD
_b10
_c20130110
_lUCH01
_h1513
590 _aBATCH-UPD
_b10
_c20130410
_lUCH01
_h0929
590 _aBATCH-UPD
_b10
_c20130914
_lUCH01
_h1836
590 _aCONVERSION
_b10
_c20130109
_lUCH01
_h1308
650 1 4 _aSuelos.
_9110191
650 1 4 _aSuelos
_xClasificación.
_9110239
650 1 4 _aSuelos
_xU.R.S.S.
_9110507
901 _aBK
942 _cLIBRO
949 _a631.44 G55Y
_bBC
_cLIBRO
_d-41665
_eLIBRO
_fv.1
_h21306
_i17760
_si
949 _a631.44 G55Y
_bBC
_cLIBRO
_d33724000071601
_eLIBRO
_fv.1 c.4
_h22905
_i17760
_si
949 _a631.44 G55Y
_bBC
_cLIBRO
_d33724000071619
_eLIBRO
_fv.1 c.3
_h21307
_i17760
_si
949 _a631.44 G55Y
_bBC
_cLIBRO
_d33724000071627
_eLIBRO
_fv.2 c.3
_h43758
_i17760
_si
949 _a631.44 G55Y
_bBC
_cLIBRO
_d33724000071635
_eLIBRO
_fv.2
_h21309
_i17760
_si
949 _a631.44 G55Y
_bBC
_cLIBRO
_d33724000071643
_eLIBRO
_fv.2 c.2
_h21310
_i17760
_si
949 _a631.44 G55Y
_bBC
_cLIBRO
_d33724000071759
_eLIBRO
_fv.1 c.2
_h21308
_i17760
_si
949 _a631.44 G55Y
_bBC
_cLIBRO
_d33724000071767
_eLIBRO
_fv.1 c.5
_h72965
_i17760
_si
999 _c12716
_d12716